Easiest Quiz Ever - Statistics

General Stats
  • This quiz has been taken 279 times
  • The average score is 10 of 11
Answer Stats
Hint Answer % Correct
What number comes after 4 5
100%
What letter comes after a b
100%
How do you spell 'the' the
99%
1X10 10
98%
2+4 6
98%
What comes after 99 100
97%
Whats the last letter of the english alphabet z
96%
If you turned 18 last year how old are you this year 19
94%
Are you a hipster Yes/No
94%
Spell it it
89%
_OLO Yolo
63%
No matching quizzes found
Score Distribution
Percent of People with Each Score
Percentile by Number Answered
Your Score History
You have not taken this quiz